| 000 | 01537nam a22003614a 4500 | ||
|---|---|---|---|
| 001 | ebr10132709 | ||
| 003 | CaPaEBR | ||
| 006 | m u | ||
| 007 | cr cn||||||||| | ||
| 008 | 020109s2000 onc s 001 0 eng | ||
| 010 | _z 2002276026 | ||
| 020 | _z0773521046 (cloth : acid-free paper) | ||
| 020 | _z0773521089 (acid-free paper) | ||
| 040 |
_aCaPaEBR _cCaPaEBR |
||
| 035 | _a(OCoLC)180773075 | ||
| 043 |
_an-cnm-- _an-cn--- |
||
| 050 | 1 | 4 |
_aKE7722.H8 _bC63 2000eb |
| 100 | 1 |
_aCoates, Kenneth, _d1956- |
|
| 245 | 1 | 4 |
_aThe Marshall decision and native rights _h[electronic resource] / _cKevin S. Coates. |
| 260 |
_aMontreal ; _aIthaca : _bMcGill-Queen's University Press, _cc2000. |
||
| 300 | _axxiii, 246 p. | ||
| 490 | 1 |
_aMcGill-Queen's native and northern series ; _v25 |
|
| 500 | _aIncludes index. | ||
| 533 |
_aElectronic reproduction. _bPalo Alto, Calif. : _cebrary, _d2013. _nAvailable via World Wide Web. _nAccess may be limited to ebrary affiliated libraries. |
||
| 650 | 0 |
_aIndians of North America _xFishing _xLaw and legislation _zMaritime Provinces. |
|
| 650 | 0 |
_aMicmac Indians _xLegal status, laws, etc. _zMaritime Provinces. |
|
| 650 | 0 |
_aIndians of North America _zCanada _xClaims. |
|
| 650 | 0 |
_aMicmac Indians _xGovernment relations. |
|
| 655 | 7 |
_aElectronic books. _2local |
|
| 710 | 2 | _aebrary, Inc. | |
| 830 | 0 |
_aMcGill-Queen's native and northern series ; _v25. |
|
| 856 | 4 | 0 |
_uhttp://site.ebrary.com/lib/rucke/Doc?id=10132709 _zAn electronic book accessible through the World Wide Web; click to view |
| 999 |
_c79548 _d79548 |
||